Daňové povinnosti dedičov po úmrtí poručiteľa

Smrť fyzickej osoby je z hľadiska práva významnou skutočnosťou, ktorá má vplyv a právne dôsledky na osoby blízke poručiteľovi, na dedičov. Jednou z povinností, ktoré prechádzajú po zomretom na dedičov je aj vysporiadanie jeho daňových povinností. Dedičské konanie je upravené zákonom č.161/2015 Z.z....

Full description

Saved in:
Bibliographic Details
Main Author: Gášpárová, Eva
Format: Book Chapter
Language:Slovak
Subjects:
Tags: Add Tag
No Tags, Be the first to tag this record!

MARC

LEADER 00000naa a2200000 4500
001 0264821
005 20200623101026.0
041 0 |a slo 
044 |a SK 
245 1 0 |a Daňové povinnosti dedičov po úmrtí poručiteľa  |c Eva Gášpárová 
520 |a Smrť fyzickej osoby je z hľadiska práva významnou skutočnosťou, ktorá má vplyv a právne dôsledky na osoby blízke poručiteľovi, na dedičov. Jednou z povinností, ktoré prechádzajú po zomretom na dedičov je aj vysporiadanie jeho daňových povinností. Dedičské konanie je upravené zákonom č.161/2015 Z.z. Civilný mimosporový poriadok. Pri dedičskom konaní má špecifické postavenie notár ako súdny komisár. Koná samostatne na základe poverenia súdu a rozhoduje uznesením. Dedičské konanie sa rozdeľuje do niekoľkých fáz: príprava, prejednanie a skončenie konania o dedičstve. 
610 2 0 |a dedičstvo 
610 2 0 |a rodina 
610 2 0 |a povinnosť daňová 
100 1 |a Gášpárová, Eva